Every Class 1 Missouri Senator - Statistics

General Stats
  • This quiz has been taken 38 times
  • The average score is 8 of 19
Answer Stats
Picture Hint Answer % Correct
D(2007-2019) Claire McCaskill
100%
R(1995-2001) John Ashcroft
100%
R(2019-) Josh Hawley
100%
D(1935-1945) Harry S. Truman
83%
D(2001-2002) Jean Carnahan
67%
R(1976-1995) John Danforth
67%
R(2002-2007) James M. Talent
50%
D(1821-1851) Thomas Hart Benton
33%
LR(1869-1875) Carl Schurz
17%
D(1875-1905) Francis M. Cockrell
17%
D(1945-1947) Frank P. Briggs
17%
OP(1851-1857) Henry S. Geyer
17%
D(1911-1929) James A. Reed
17%
R(1947-1953) James P. Kem
17%
U(1862-1869) John B. Henderson
17%
R(1929-1935) Roscoe C. Patterson
17%
D(1857-1862) Trusten Polk
17%
R(1905-1911) William Warner
17%
D(1953-1976) W. Stuart Symington
17%
No matching quizzes found
Score Distribution
Percent of People with Each Score
Percentile by Number Answered
Your Score History
You have not taken this quiz